Reponses Africaines aux defis de l'education: recueil en homage au professeur Pai Obanya
Salvato in:
| Natura: | Libro |
|---|---|
| Lingua: | inglese |
| Pubblicazione: |
HIS LINEAGE Pub.,
2013
|
| Tags: |
Aggiungi Tag
Nessun Tag, puoi essere il primo ad aggiungerne!!
|
MARC
| LEADER | 00000nam a22000007a 4500 | ||
|---|---|---|---|
| 008 | 230517b |||||||| |||| 00| 0 eng d | ||
| 020 | |a 978-978-52309-1-8 | ||
| 245 | |a Reponses Africaines aux defis de l'education: recueil en homage au professeur Pai Obanya |c / edite par Martins Fabunmi, Tunde Ajiboye {and} Anais Dayamba |g viii,418p | ||
| 260 | |b HIS LINEAGE Pub., |c 2013 |d Book |h Ibadan |i 691131 |i 691132 |l LC107.R31 |m Education - Africa -Congresses |m Obanya, Pai | ||
| 942 | |a lcc |c BK |e A.R. Akinniyi |f 17:5:23 | ||
| 952 | |0 0 |1 0 |2 lcc |4 0 |6 LC0107 R31 |7 0 |9 4226 |a HOL |b HOL |c LP |d 2023-05-17 |l 0 |o LC107.R31 |p 2023-0155 |r 2023-05-17 00:00:00 |t 691131 |w 2023-05-17 |y BK | ||
| 952 | |0 0 |1 0 |2 lcc |4 0 |6 LC0107 R31 |7 0 |9 4227 |a HOL |b HOL |c LP |d 2023-05-17 |l 0 |o LC107.R31 |p 2023-0156 |r 2023-05-17 00:00:00 |t 691132 |w 2023-05-17 |y BK | ||
| 999 | |c 2119 |d 2119 | ||